000 00995nam a2200277 a 4500
001 000039764
003 OSt
005 20201026121045.0
008 130718s2008 ve 000 0 spa d
020 _a9789802764655 (rústica)
020 _a9789802764662 (empastada)
040 _aDO-SdBNP
_bspa
_cBNPHU
082 _axxxx
_bxxxx
100 1 _aFernández Retamar, Roberto
_95808
_d1930-2019
245 1 3 _aLo que va dictando el fuego /
_cRoberto Fernández Retamar ; prólogo Roberto Méndez Martínez. ; cronología y bibliografía Araceli García Carranza
260 _aVenezuela :
_bFundación Biblioteca Ayacucho,
_c2008.
300 _a495 p. ;
_c23 cm.
490 1 _aClásica
_v245
500 _aIncluye notas al pie de las páginas
504 _aBibliografía : p. 477-489
590 _aInventariado, 2020/ YL
700 1 2 _aMéndez Martínez, Roberto,
_epról.
_965957
700 1 2 _aGarcía Carranza, Araceli
_ecron.
_935574
830 0 _aClásica
_n245
_965958
942 _2ddc
_cLBS1
999 _c39254
_d39254